000 00607nam a2200193 4500
001 139425
003 ES-MaACL
005 20240430105749.0
007 t|
008 070214s1973 sp r ||||1| spa d
100 1 _aSchaff, Adam.
_9104204
245 1 0 _aEnsayos sobre Filosofía del lenguaje /
_cAdam Schaff ; epílogo de Jacobo Muñoz ; [traducción... de Feliu Formosa].
260 _aBarcelona :
_bAriel,
_c1973.
300 _a247 p. ;
_c18 cm.
700 1 _aMuñoz, Jacobo.
_9137824
700 1 _aFormosa, Feliu,
_d1934-
_951759
852 _aES-MaACL
_jC-55732
_bR.87995
999 _c139425
_d139425